Text book of Radiographic positaning and related Anatomy (Record no. 6964)
[ view plain ]
| 000 -LEADER | |
|---|---|
| fixed length control field | 00257nam a22000857a 4500 |
| 008 - FIXED-LENGTH DATA ELEMENTS--GENERAL INFORMATION | |
| fixed length control field | 170620b xxu||||| |||| 00| 0 eng d |
| 100 ## - MAIN ENTRY--PERSONAL NAME | |
| 9 (RLIN) | 3578 |
| Personal name | Bontrager,K.L et al |
| 245 ## - TITLE STATEMENT | |
| Title | Text book of Radiographic positaning and related Anatomy |
| 260 ## - PUBLICATION, DISTRIBUTION, ETC. (IMPRINT) | |
| Place of publication, distribution, etc. | USA |
| Name of publisher, distributor, etc. | Elsevier |
| Date of publication, distribution, etc. | 2006 |
| Withdrawn status | Lost status | Source of classification or shelving scheme | Damaged status | Koha normalized classification for sorting | Not for loan | Home library | Current library | Shelving location | Date acquired | Total Checkouts | Full call number | Barcode | Date last seen | Price effective from | Koha item type |
|---|---|---|---|---|---|---|---|---|---|---|---|---|---|---|---|
| Dewey Decimal Classification | 616_075000000000000 | Good Samaritan School Library | Good Samaritan School Library | RADIOLOGY | 06/20/2017 | 616.075 | BON11329 | 06/20/2017 | 06/20/2017 | BOOK | |||||
| Dewey Decimal Classification | BON_616_075000000000000_C3 | Good Samaritan School Library | Good Samaritan School Library | RADIOLOGY | 06/20/2017 | BON616.075 C-3 | BON11330 | 06/20/2017 | 06/20/2017 | Reference |